01423nam a2200373Ia 4500001001200000003000800012006001900020007001500039008004100054010001700095020001800112020001500130040002100145035002100166050002700187082001600214100001900230245010800249250001300357260004300370300002200413490005200435504006800487533015200555600001800707650003400725650002900759650001600788655002900804710001700833830005400850856012600904999001901030ebr10495964CaPaEBRm u cr cn|||||||||100216s2010 inua sb 001 0 eng d z 2010005676 z9781575068091 z1575068095 aCaPaEBRcCaPaEBR a(OCoLC)79273973814aBS2545.P95bK39 2010eb04a232.9/52221 aKazen, Thomas.10aJesus and purity Halakhahh[electronic resource] :bwas Jesus indifferent to impurity? /cThomas Kazen. aRev. ed. aWinona Lake, IN :bEisenbrauns,c2010. ax, 402 p. :bill.1 aConiectanea biblica. New Testament series ;v38 aIncludes bibliographical references (p. [354]-385) and indexes. aElectronic reproduction.bPalo Alto, Calif. :cebrary,d2013.nAvailable via World Wide Web.nAccess may be limited to ebrary affiliated libraries.00aJesus Christ. 0aPurity, RitualxChristianity. 0aPurity, RitualxJudaism. 0aJewish law. 7aElectronic books.2local2 aebrary, Inc. 0aConiectanea biblica.pNew Testament series ;v38.40uhttp://site.ebrary.com/lib/rucke/Doc?id=10495964zAn electronic book accessible through the World Wide Web; click to view c130896d130896